[Event "AUTO-ADV-1768"]
[Site "http://www.queenalice.com/game.php?id=778329"]
[Date "2010.5.20"]
[Round "1"]
[White "juliocesarbraga"]
[Black "FLEURY"]
[Result "0-1"]
[WhiteElo "1789"]
[BlackElo "2031"]

1. e4 c5 2. Nf3 e6 3. d4 cxd4 4. Nxd4 Nf6 5. Bd3 Nc6 6. Nxc6 bxc6 7. Nc3 d5 8.
exd5 cxd5 9. O-O a6 10. Bg5 Bd6 11. Re1 O-O 12. Qf3 Bb7 13. Bxf6 Qxf6 14. Qxf6
gxf6 15. Ne2 Rfb8 16. b3 f5 17. c4 dxc4 18. Bxc4 Rd8 19. Rad1 Bb4 20. Rxd8+ Rxd8
21. Ra1 Kg7 22. Nf4 Rd2 23. Nd3 Bc3 24. Rc1 Bd4 25. Kf1 Be4 26. Bxa6 Bxd3+ 27.
Bxd3 Rxd3 28. Ke2 Rc3 29. Rxc3 Bxc3 30. Kd3 Be1 31. f3 Kf6 32. a4 e5 33. Kc4 e4
34. fxe4 fxe4 35. b4 Bd2 36. b5 Ba5 37. Kd4 Kf5 38. g3 Bb6+ 39. Kc3 Kg4 0-1

[Event "AUTO-ADV-1768"]
[Site "http://www.queenalice.com/game.php?id=778336"]
[Date "2010.5.20"]
[Round "1"]
[White "miguel7"]
[Black "juliocesarbraga"]
[Result "1-0"]
[WhiteElo "1973"]
[BlackElo "1708"]

1. e4 e5 2. Nf3 Nc6 3. Bc4 h6 4. Nc3 Bb4 5. Nd5 Nge7 6. Nxb4 Nxb4 7. Nxe5 O-O 8.
Qf3 Qe8 9. Bb3 d6 10. Nc4 Be6 11. Qc3 Nec6 12. Ba4 Bxc4 13. Qxc4 a5 14. a3 Na6
15. O-O Qe5 16. Bxc6 bxc6 17. Qxc6 Rfc8 18. c3 Nc5 19. d4 Qe8 20. Qxe8+ Rxe8 21.
dxc5 dxc5 22. Re1 Re6 23. f4 Rae8 24. b4 cxb4 25. axb4 axb4 26. cxb4 Rxe4 27.
Rxe4 Rxe4 28. b5 Rb4 29. Ra8+ Kh7 30. Rc8 Rxb5 31. Rxc7 Rb1 32. g4 Kg6 33. Kg2
f6 34. f5+ Kh7 35. h4 Rb4 36. g5 hxg5 37. hxg5 fxg5 38. Kf3 g4+ 39. Kg3 1-0

[Event "AUTO-ADV-1768"]
[Site "http://www.queenalice.com/game.php?id=778337"]
[Date "2010.5.20"]
[Round "1"]
[White "juliocesarbraga"]
[Black "miguel7"]
[Result "0-1"]
[WhiteElo "1733"]
[BlackElo "1974"]

1. e4 c5 2. Nf3 Nc6 3. d4 d6 4. Bb5 Bd7 5. dxc5 dxc5 6. O-O Nf6 7. Re1 e5 8. Bc4
Bg4 9. h3 Bh5 10. Qxd8+ Rxd8 11. Bg5 Be7 12. Nc3 Bxf3 13. gxf3 Nd4 14. Bb5+ Nd7
15. Bxe7 Kxe7 16. Nd5+ Kd6 17. Rad1 Nxf3+ 18. Kf1 Nxe1 19. Kxe1 Ke6 20. Nc7+ Ke7
21. Bxd7 Rxd7 22. Nd5+ Ke6 23. f4 g6 24. fxe5 Kxe5 25. Nc3 Rxd1+ 26. Kxd1 f5 27.
exf5 Kxf5 28. Ke2 Rd8 29. Nd1 Kf4 30. a4 h5 31. c3 Re8+ 32. Kf1 Kg3 33. b4 Kxh3
34. bxc5 Kg3 35. Nb2 h4 36. a5 h3 0-1

[Event "AUTO-ADV-1770"]
[Site "http://www.queenalice.com/game.php?id=779229"]
[Date "2010.5.22"]
[Round "1"]
[White "juliocesarbraga"]
[Black "sasquatico"]
[Result "0-1"]
[WhiteElo "1727"]
[BlackElo "1656"]

1. e4 d5 2. exd5 Qxd5 3. Nc3 Qd8 4. Nf3 Bg4 5. h3 Be6 6. b3 Nf6 7. d3 g6 8. Ng5
Nc6 9. Nxe6 fxe6 10. Be2 Qd7 11. O-O O-O-O 12. Be3 Bg7 13. Bf3 Nd5 14. Nxd5 exd5
15. d4 e6 16. Bg5 Rdf8 17. c3 Rf5 18. Be3 Kb8 19. c4 Rd8 20. Bg4 Rff8 21. c5 h5
22. Be2 a6 23. Rb1 e5 24. dxe5 Nxe5 25. Rc1 c6 26. Bd4 Qe7 27. b4 Bh6 28. Bxe5+
Qxe5 29. Rc2 Rde8 30. Bd3 Rf6 31. Re2 Be3 32. fxe3 Rxf1+ 33. Qxf1 d4 34. exd4
Qxd4+ 35. Kh1 Rd8 36. Bxg6 Qxb4 37. Re8 Rxe8 38. Bxe8 Qxc5 39. Qe2 Qc1+ 40. Kh2
Qf4+ 41. g3 Qc7 42. Qxh5 Ka7 43. h4 Qe7 44. Bf7 c5 45. Qg6 Qe2+ 46. Kh3 c4 47.
Qb1 c3 48. Bd5 b5 49. Qh7+ Kb6 50. Qb7+ Ka5 51. Qc7+ Kb4 52. Bb3 Qf1+ 53. Kg4
Qe2+ 54. Kg5 Qe3+ 55. Qf4+ Qxf4+ 56. gxf4 a5 57. h5 a4 58. Bd1 Ka3 59. h6 Kb2
60. h7 c2 61. Bxc2 Kxc2 62. h8=Q b4 63. Qd4 b3 64. axb3 axb3 65. f5 b2 0-1

[Event "AUTO-ADV-1770"]
[Site "http://www.queenalice.com/game.php?id=779230"]
[Date "2010.5.22"]
[Round "1"]
[White "sasquatico"]
[Black "juliocesarbraga"]
[Result "1-0"]
[WhiteElo "1701"]
[BlackElo "1784"]

1. e4 e5 2. Nf3 Nc6 3. Bb5 d6 4. O-O a6 5. Ba4 Nf6 6. d3 Be7 7. c3 b5 8. Bc2 O-O
9. Bg5 Bg4 10. h3 Bxf3 11. Qxf3 h6 12. Be3 d5 13. exd5 Nxd5 14. Bxh6 gxh6 15.
Qg3+ Kh8 16. c4 bxc4 17. dxc4 Nf4 18. Qf3 Nd4 19. Qe4 Nxc2 20. Qxc2 Rg8 21. g3
Nxh3+ 22. Kg2 Ng5 23. Rh1 Qd5+ 24. cxd5 e4 25. Rxh6+ Kg7 26. Rh5 Ra7 27. Qc3+
Kf8 28. Qd4 Ra8 29. Nc3 c5 30. Qe3 Rb8 31. Nxe4 Nxe4 32. Qxe4 Rxb2 33. Re5 Rb8
34. Rxe7 c4 35. Re1 c3 36. Re8+ Rxe8 37. Qb4+ Kg7 38. Rxe8 Rxe8 39. Qxc3+ Kg6
40. Qc6+ f6 41. Qxe8+ 1-0

[Event "AUTO-ADV-1770"]
[Site "http://www.queenalice.com/game.php?id=779231"]
[Date "2010.5.22"]
[Round "1"]
[White "juliocesarbraga"]
[Black "DanizinhaBH"]
[Result "0-1"]
[WhiteElo "1823"]
[BlackElo "1720"]

1. e4 e5 2. Nf3 Nc6 3. Bc4 h6 4. Nc3 a6 5. O-O Nf6 6. d4 Bd6 7. dxe5 Bxe5 8.
Nxe5 Nxe5 9. Bb3 d6 10. Nd5 Nxe4 11. Re1 Bg4 12. f3 c6 13. Rxe4 cxd5 14. fxg4
dxe4 15. Bf4 Qb6+ 16. Kh1 Rd8 17. Bxe5 dxe5 18. Qe2 Rd4 19. Rf1 O-O 20. h3 Rfd8
21. Bxf7+ Kh8 22. Bb3 Qc6 23. a4 Rd2 24. Qe3 Rd1 25. Rxd1 Rxd1+ 26. Kh2 Qf6 27.
Qxe4 g5 28. c4 Rc1 29. Bc2 Qf4+ 30. Qxf4 exf4 31. Bd3 Rd1 32. Be2 Rd2 33. Bf3
Rxb2 0-1

[Event "AUTO-ADV-1770"]
[Site "http://www.queenalice.com/game.php?id=779232"]
[Date "2010.5.22"]
[Round "1"]
[White "DanizinhaBH"]
[Black "juliocesarbraga"]
[Result "1-0"]
[WhiteElo "1740"]
[BlackElo "1803"]

1. e4 e5 2. Nf3 Nc6 3. Bc4 h6 4. d3 d6 5. a3 Nf6 6. h3 Be7 7. Nc3 O-O 8. Be3 a6
9. g4 Be6 10. Bxe6 fxe6 11. Qe2 d5 12. O-O-O d4 13. Na4 b5 14. g5 hxg5 15. Bxg5
Nh7 16. Bxe7 Qxe7 17. Rdg1 bxa4 18. Rg4 Rf6 19. Rhg1 Rf7 20. Nh4 Nf6 21. R4g3
Nh5 22. Qxh5 Qf6 23. Ng6 Qf4+ 24. Nxf4 exf4 25. Rg6 Re8 26. Qc5 Ne7 27. Rxe6 f3
28. Qxd4 Ref8 29. Rxa6 c6 30. Rxa4 Kh7 31. Rg4 Ng6 32. Ra7 Nf4 33. Rxg7+ Rxg7
34. Qxg7# 1-0

[Event "AUTO-ADV-1770"]
[Site "http://www.queenalice.com/game.php?id=779233"]
[Date "2010.5.22"]
[Round "1"]
[White "juliocesarbraga"]
[Black "Damian"]
[Result "1-0"]
[WhiteElo "1818"]
[BlackElo "1604"]

1. e4 Nf6 2. e5 Ne4 3. d3 Nc5 4. Be3 e6 5. Bxc5 Bxc5 6. d4 Bb6 7. c4 Qh4 8. Nf3
Qe4+ 9. Be2 Nc6 10. Nbd2 Qf5 11. O-O Nxd4 12. Rc1 Nxf3+ 13. Nxf3 1-0

[Event "AUTO-INT-1560"]
[Site "http://www.queenalice.com/game.php?id=796665"]
[Date "2010.6.29"]
[Round "2"]
[White "juliocesarbraga"]
[Black "betosantos"]
[Result "1-0"]
[WhiteElo "1717"]
[BlackElo "1501"]

1. e4 e5 2. Nf3 d6 3. Bc4 h6 4. Nc3 Nf6 5. h3 a6 6. O-O Nc6 7. d4 exd4 8. Nxd4
Nxd4 9. Qxd4 Be7 10. Re1 O-O 11. a3 b5 12. Bd3 c5 13. Qe3 Bb7 14. Nd5 Nd7 15.
Nxe7+ Qxe7 16. c4 Ne5 17. cxb5 axb5 18. Bxb5 Ra5 19. a4 1-0

[Event "AUTO-INT-1560"]
[Site "http://www.queenalice.com/game.php?id=796666"]
[Date "2010.6.29"]
[Round "2"]
[White "betosantos"]
[Black "juliocesarbraga"]
[Result "0-1"]
[WhiteElo "1494"]
[BlackElo "1724"]

1. e4 e5 2. Bc4 d6 3. Qf3 Nf6 4. h3 Be7 5. d3 O-O 6. Bg5 Be6 7. Bxe6 fxe6 8. Ne2
Nfd7 9. Qg3 Bxg5 10. O-O Qf6 11. f3 Be3+ 12. Kh1 Bf4 13. Qf2 Nc6 14. a3 d5 15.
Nbc3 d4 16. Na2 Be3 17. Qg3 a5 18. a4 Nb4 19. Nxb4 axb4 0-1

[Event "AUTO-INT-1560"]
[Site "http://www.queenalice.com/game.php?id=796667"]
[Date "2010.6.29"]
[Round "2"]
[White "juliocesarbraga"]
[Black "kievelrs"]
[Result "0-1"]
[WhiteElo "1765"]
[BlackElo "1612"]

1. e4 e5 2. Nf3 Nc6 3. Bc4 Be7 4. d3 a6 5. O-O Bf6 6. Nc3 b5 7. Bd5 Bb7 8. Bxc6
Bxc6 9. a3 h6 10. Nd5 Bxd5 11. exd5 g5 0-1

[Event "AUTO-INT-1560"]
[Site "http://www.queenalice.com/game.php?id=796668"]
[Date "2010.6.29"]
[Round "2"]
[White "kievelrs"]
[Black "juliocesarbraga"]
[Result "1-0"]
[WhiteElo "1634"]
[BlackElo "1743"]

1. e4 e5 2. Nf3 Nc6 3. c3 d6 4. Bc4 h6 5. h3 Nf6 6. Qe2 Be7 7. d4 exd4 8. Nxd4
O-O 9. Qf3 Nxd4 10. cxd4 Be6 11. d5 Bd7 12. Nc3 1-0

[Event "Challenge"]
[Site "http://www.queenalice.com/game.php?id=1023565"]
[Date "2012.1.31"]
[Round "-"]
[White "petrucius"]
[Black "juliocesarbraga"]
[Result "0-1"]
[WhiteElo "900"]
[BlackElo "1694"]

1. d4 d5 2. Nc3 c6 3. Bf4 Bf5 4. e3 e6 5. Qh5 Bg6 6. Qg5 Be7 7. Qg4 Nf6 8. Bg5
Nxg4 9. h3 Nxf2 10. Kxf2 Bxg5 11. h4 Bh6 12. h5 Bxc2 13. Rc1 Qf6+ 14. Ke1 Be4
15. Be2 Nd7 16. b4 e5 17. Bg4 Bf5 18. Rh4 Qxh4+ 19. Ke2 Bxg4+ 20. Kd2 Qf2+ 21.
Kd3 e4+ 22. Nxe4 dxe4+ 23. Kxe4 Qd2 24. Rf1 g6 25. hxg6 hxg6 26. g3 f5+ 27. Rxf5
gxf5# 0-1

[Event "AUTO-ADV-2393"]
[Site "http://www.queenalice.com/game.php?id=1023877"]
[Date "2012.2.1"]
[Round "1"]
[White "juliocesarbraga"]
[Black "beckhamf2000"]
[Result "1-0"]
[WhiteElo "1696"]
[BlackElo "1604"]

1. e4 c5 2. d3 Nc6 3. Be3 d6 4. Nc3 e5 5. Nf3 Bg4 6. Be2 Qb6 7. b3 O-O-O 8. Nd5
Qa5+ 9. Bd2 Qa3 10. h3 Bxf3 11. Bxf3 Nge7 12. Bg4+ 1-0

[Event "AUTO-ADV-2393"]
[Site "http://www.queenalice.com/game.php?id=1023878"]
[Date "2012.2.1"]
[Round "1"]
[White "beckhamf2000"]
[Black "juliocesarbraga"]
[Result "0-1"]
[WhiteElo "1592"]
[BlackElo "1708"]

1. d4 d5 2. c4 c6 3. Nf3 e6 4. Nc3 Bb4 5. e3 Nf6 6. Qb3 a5 7. Bd2 O-O 8. Bd3 Na6
9. O-O c5 10. a3 Bxc3 11. Bxc3 cxd4 0-1

[Event "AUTO-ADV-2393"]
[Site "http://www.queenalice.com/game.php?id=1023879"]
[Date "2012.2.1"]
[Round "1"]
[White "juliocesarbraga"]
[Black "ThiagoTanaka"]
[Result "0-1"]
[WhiteElo "1719"]
[BlackElo "1800"]

1. e4 c6 2. d4 d5 3. e5 Bf5 4. Bd3 Bxd3 5. Qxd3 Qb6 6. Ne2 e6 7. O-O c5 8. dxc5
Bxc5 9. b3 Nd7 10. Qg3 g6 11. Bb2 Ne7 12. Nd2 O-O 13. Nf3 Nf5 14. Qh3 Be7 15.
Ned4 Nxd4 16. Bxd4 Qa6 17. Rfd1 Rac8 18. c3 Bc5 19. Ng5 h5 20. b4 Bxd4 21. cxd4
Rc2 22. Qb3 Rfc8 23. Qf3 Rf8 24. Qh3 Qe2 25. Qd3 Qxf2+ 0-1

[Event "AUTO-ADV-2393"]
[Site "http://www.queenalice.com/game.php?id=1023880"]
[Date "2012.2.1"]
[Round "1"]
[White "ThiagoTanaka"]
[Black "juliocesarbraga"]
[Result "1-0"]
[WhiteElo "1813"]
[BlackElo "1706"]

1. d4 d5 2. c4 c6 3. cxd5 cxd5 4. Nc3 e6 5. Bf4 Bb4 6. e3 Nc6 7. Bd3 Bd7 8. Ne2
Nge7 9. O-O O-O 10. a3 Ba5 11. b4 Bc7 12. Bxc7 Qxc7 13. Rc1 e5 14. dxe5 Qxe5 15.
Bb1 Bf5 16. Bxf5 Nxf5 17. Qxd5 Qf6 18. Ne4 Qg6 19. Nf4 Qh6 20. Qxf5 Ne7 21. Qd7
Ng6 22. Nxg6 fxg6 23. Rc7 Rad8 24. Qb5 Rfe8 25. Ng3 Qh4 26. Qxb7 1-0